00831nam a2200229 a 450000100100000000500170001000800410002702000180006804000250008610000270011124000380013824500850017625000110026126000390027230000110031150000420032250000340036450400320039870000430043095201110047399900170058400004067720201002034310.0130905s2009 sp 000 0 spa d a9788437614236 aDO-SdBNPbspacBNPHU1 aLipski, John M.96704210aLatin american spanishlEspañol13aEl español de América /cJohn M. Lipski ; traductor Silvia Iglesias Recuero. a6a ed. aMadrid :bArtes Gráficas,c2009. a446 p. aIncluye notas al pie de las páginas aTraducido del idioma inglés aBibliografía : p. 387-4461 aIglesias Recuero, Silviaetrad.967043 001054708MOaGRbGRcCTd2013-09-05iLF1l0o p40677-10r2020-06-25w2020-06-25y4ZPréstamo en sala c40167d40167